|
|
|
|
| LEADER |
00996cam a2200253 7i4500 |
| 001 |
0000053798 |
| 005 |
20200709090000.0 |
| 020 |
|
|
|a 9783319923338 (electronic book)
|
| 090 |
0 |
0 |
|a HV8079.W47
|b F74 2018
|
| 245 |
0 |
0 |
|a Fraud and corruption :
|b major types, prevention, and control
|c Peter C. Kratcoski and Maximilian Edelbacher, editors.
|
| 264 |
|
1 |
|a Cham:
|b Springer,
|c 2018.
|
| 300 |
|
|
|a 1 online resource (xix, 301 pages):
|b illustrations, text file, PDF.
|
| 336 |
|
|
|a text
|2 rdacontent
|
| 337 |
|
|
|a computer
|2 rdamedia
|
| 338 |
|
|
|a online resource
|2 rdacarier
|
| 650 |
|
0 |
|a Corruption
|
| 650 |
|
0 |
|a White collar crimes
|
| 650 |
|
0 |
|a Fraud --
|x Prevention
|
| 655 |
|
0 |
|a Electronic books
|
| 700 |
1 |
|
|a Kratcoski, Peter C.
|
| 700 |
1 |
|
|a Edelbacher, Maximilian
|
| 856 |
4 |
2 |
|u http://library.unisel.edu.my/equip-unisel/custom/ebook_catalog/2018BookFoundationsOfAnalyticalChemistcompressed.pdf
|
| 997 |
|
|
|a Business & Accountancy, Faculty
|
| 999 |
|
|
|a EBO0000252
|b EBOOK
|c EBOOK
|e Electronic resources
|